Trojfázové blokové transformátory 125 MVA na 242 kV /

Main Author: Johaník, Karel
Other Authors: Klesa, Josef
Language: Czech
Published: Praha : Státní nakladatelství technické literatury, 1963
Physical Description: S. T45-T52
Book
Saved in:
LEADER 00766nam a22002172a 4500
001 001728723
003 CZ BrMZK
005 20200720105214.0
007 ta
008 200205s1963 xr er|||||||||||cze d
040 |a BOA001  |b cze  |e aacr2 
100 1 |a Johaník, Karel  |4 aut 
245 1 0 |a Trojfázové blokové transformátory 125 MVA na 242 kV /  |c Karel Johaník, Josef Klesa 
260 |a Praha :  |b Státní nakladatelství technické literatury,  |c 1963 
300 |a S. T45-T52 
700 1 |a Klesa, Josef  |4 aut 
772 0 8 |i Samostatná příloha seriálu:  |t Elektrotechnický obzor,  |g roč. 52 (1963), č. 8 
910 |a BOA001  |b X2-0554.719 
990 |a BK 
991 |b 202002 
996 6 |b 2618867646  |c X2-0554.719  |l MZK  |r Sklad / do 24 hodin  |n 0  |w 001780136  |u 000010  |a 1  |e BOA001  |j MZK50  |s P